|
|
|
|
| LEADER |
00000nam a2200000 a 4500 |
| 001 |
vtls009148688 |
| 003 |
SK-MaSNL |
| 005 |
20260301180324.0 |
| 008 |
240318 000 0 eng |
| 040 |
|
|
|a SNK
|b slo
|c SNK
|e AACR2
|
| 100 |
1 |
|
|a Novotný, František
|4 aut
|9 344408
|
| 245 |
1 |
0 |
|a Víc než jen hlas
|c František Novotný, Jiří Vejvoda
|
| 250 |
|
|
|a 1. vyd.
|
| 260 |
|
|
|a Praha
|b Práce
|c 1980
|e Praha
|f MÍR, novinářske závody n. p.
|
| 300 |
|
|
|a 391 s.
|
| 999 |
|
|
|c 845819
|d 847749
|
| 952 |
|
|
|a SNK
|b SNK
|y VYP
|7 0
|p 17A0565228
|o snkID 75540
|i snkKIP 6299/81
|3 rekatalogizácia
|0 0
|1 0
|4 0
|d 2007-10-10
|l 0
|r 2026-02-24 04:25:50
|w 2026-02-24
|